Cómo promover la convivencia: Programa de asertividad y habilidades sociales PAHS. Educación Infantil, Primaria y Secundaria

Wedi'i Gadw mewn:
Manylion Llyfryddiaeth
Prif Awdur: Monjas Casares, María Inés (autora)
Fformat: Llyfr
Iaith:Sbaeneg
Cyhoeddwyd: Madrid CEPE 2007
Cyfres:Educación Infantil, Primaria y Secundaria, 9
Pynciau:
Tagiau: Ychwanegu Tag
Dim Tagiau, Byddwch y cyntaf i dagio'r cofnod hwn!

MARC

LEADER 00000nam a2200000 a 4500
001 UCH9640
003 CL-VaPUC
008 100114e20070000SP |||||||||||||||||spa|d
020 |a 9788478695454 
082 0 4 |a 372  |b MON  |2 21 
100 |a Monjas Casares, María Inés  |e autora  |9 546836 
245 1 0 |a Cómo promover la convivencia: Programa de asertividad y habilidades sociales PAHS. Educación Infantil, Primaria y Secundaria 
300 |a 437 p 
942 |c BK 
945 |d 20100114 00:00:00  |a dcastane 
260 |a Madrid  |b CEPE  |c 2007 
650 0 |a Interacción social   |9 307764 
650 0 |a Habilidades sociales  |9 313040 
650 0 |a Educación básica   |9 224933 
650 0 |a Programas de educación  |9 339040 
650 0 |a Educación preescolar  |9 260381 
583 |a last modification  |c 20131129 02:42:51  |k Rodrigo Vera 
490 0 |a Educación Infantil, Primaria y Secundaria, 9 
999 |c 339561  |d 339559 
952 |0 0  |1 0  |4 0  |6 372_000000000000000_MON_2007  |7 0  |8 A  |9 433270  |a BIBEDU  |b BIBEDU  |d 2019-11-22  |i 4634098  |o 372 MON 2007  |p 4634098  |r 2019-11-22  |w 2019-11-22  |y BK  |k EPE